Slováci v sieti

Využitie internetového pripojenia na Slovensku. Spôsoby pripojenia. Priemerná návštevnosť internetu. Obchodovanie a služby prostredníctvom internetu.

Salvato in:
Dettagli Bibliografici
Autore principale: Benka, Marián
Natura: Capitolo di libro
Lingua:slovacco
Soggetti:
Tags: Aggiungi Tag
Nessun Tag, puoi essere il primo ad aggiungerne!!

MARC

LEADER 00000naa a2200000 4500
001 r041780
005 20230920073343.0
041 0 |a slo 
044 |a SK 
245 1 0 |a Slováci v sieti  |c Marián Benka 
520 |a Využitie internetového pripojenia na Slovensku. Spôsoby pripojenia. Priemerná návštevnosť internetu. Obchodovanie a služby prostredníctvom internetu. 
610 2 0 |a technológie informačné 
610 2 0 |a počítače 
610 2 0 |a služby obchodné 
610 2 0 |a informácie 
610 2 0 |a používatelia 
610 2 0 |a Slovensko 
610 2 0 |a internet 
100 1 |a Benka, Marián